Memoria leída en la sesión inaugural celebrada el 19 de octubre de 1905 / (Record no. 137749)

MARC details
000 -LEADER
campo de control de longitud fija 00601nam a2200181 4500
001 - NÚMERO DE CONTROL
campo de control 137749
003 - IDENTIFICADOR DE NÚMERO DE CONTROL
campo de control ES-MaACL
005 - FECHA Y HORA DE LA ÚLTIMA TRANSACCIÓN
campo de control 20230906195432.0
007 - CAMPO FIJO DE DESCRIPCIÓN FÍSICA--INFORMACIÓN GENERAL
campo de control de longitud fija t|
008 - DATOS DE LONGITUD FIJA--INFORMACIÓN GENERAL
campo de control de longitud fija 070214s1905 sp r ||||1| spa d
100 1# - ENTRADA PRINCIPAL--NOMBRE DE PERSONA
Nombre de persona Salillas, Rafael.
9 (RLIN) 101925
245 10 - MENCIÓN DEL TÍTULO
Título Memoria leída en la sesión inaugural celebrada el 19 de octubre de 1905 /
Mención de responsabilidad, etc. por D. Rafael Salillas.
260 ## - PUBLICACIÓN, DISTRIBUCIÓN, ETC.
Lugar de publicación, distribución, etc. Madrid :
Nombre del editor, distribuidor, etc. [s. n.],
Fecha de publicación, distribución, etc. 1905 (
Fabricante Imp. a cargo de Eduardo Arias)
300 ## - DESCRIPCIÓN FÍSICA
Extensión 24 p.
500 ## - NOTA GENERAL
Nota general Precede al tít.: Consejo Penitenciario.
710 2# - ENTRADA AGREGADA--NOMBRE DE ENTIDAD CORPORATIVA
Nombre de entidad corporativa o nombre de jurisdicción como elemento de entrada Consejo Penitenciario (España)
9 (RLIN) 3224
852 ## - LOCALIZACIÓN
Ubicación ES-MaACL
Número de control de estantería T-1065-F-8
Holdings
Estatus retirado Estado de pérdida Estado de daño No para préstamo Colección Biblioteca de origen Biblioteca actual Ubicación en estantería Fecha de adquisición Fuente de adquisición Total de préstamos Signatura topográfica completa Código de barras Visto por última vez Precio de reemplazo Tipo de ítem Koha
        Colección de folletos Biblioteca del Ateneo de Madrid Biblioteca del Ateneo de Madrid Depósito folletos 17/01/2008     T-1065-F-8 1143346 23/02/2023 23/02/2023 Folleto